000 00804nam a2200241Ia 4500
003 OSt
005 20220926022825.0
006 a|||||r|||| 00| 0
007 ta
008 220923b |||||||| |||| 00| 0 eng d
020 _a1859841848
_c897.91999999999996
037 _bDU0125, 27/03/2008, INDEPENDENT PUBLISHERS GROUP
_cGeneral Book
040 _aRTL
_cRTL
_beng
041 _2eng
_aeng
082 _aY38.49F.N, N8
100 _aAnderson Benedict
_923596
245 0 _aSpectre of comparisons
_b Nationalism, Southeast Asia and the world
260 _aNew York
_bVerso Press
_c1998
300 _ax, 374p
_ccm.
650 _aSociology
942 _hY38.49F.N, N8
_cGB
_2CC
999 _c640327
_d640327